170 let českého pojišťovnictví
Historická potreba poistenia. Počiatky poisťovníctva vo svete a v Rakúsko-Uhorsku. Vznik prvých poisťovní na území dnešnej ČR. Rozvoj poistného trhu. Útlm českého poisťovníctva v období Protektorátu Čechy a Morava. Štátne poistenie (po r. 1948). Znovuutváranie českého poistného trhu od r. 1990.
Salvato in:
| Autore principale: | |
|---|---|
| Altri autori: | |
| Natura: | Capitolo di libro |
| Lingua: | ceco |
| Soggetti: | |
| Tags: |
Nessun Tag, puoi essere il primo ad aggiungerne!!
|
MARC
| LEADER | 00000naa a2200000 4500 | ||
|---|---|---|---|
| 001 | r026517 | ||
| 005 | 20230908090025.8 | ||
| 041 | 0 | |a cze | |
| 044 | |a CZ | ||
| 245 | 1 | 0 | |a 170 let českého pojišťovnictví |c J. Chaloupecký, V. Chaloupecká |
| 520 | |a Historická potreba poistenia. Počiatky poisťovníctva vo svete a v Rakúsko-Uhorsku. Vznik prvých poisťovní na území dnešnej ČR. Rozvoj poistného trhu. Útlm českého poisťovníctva v období Protektorátu Čechy a Morava. Štátne poistenie (po r. 1948). Znovuutváranie českého poistného trhu od r. 1990. | ||
| 610 | 2 | 0 | |a poisťovníctvo |
| 610 | 2 | 0 | |a Česko |
| 610 | 2 | 0 | |a história |
| 610 | 2 | 0 | |a poisťovne |
| 610 | 2 | 0 | |a trh poistný |
| 610 | 2 | 0 | |a poistenie štátne |
| 100 | 1 | |a Chaloupecký, J. | |
| 700 | 1 | |a Chaloupecká, V. | |